000 00502nam a2200181 4500
001 44401
090 _a44401
100 _a20250403 pory50
101 _apor
102 _aPT
200 _aIndiana Jones Os salteadores da arca perdida
_frealiz Steven Spielberg
_gact.s Harrison Ford , Karen Allen
210 _cParamount Pictures , Lucas Film
_cdist. Lusomundo
215 _a1 DVD
225 _aIndiana Jones
300 _a111 min M/12
675 _a82-311.3
801 _aPT
_gRPC
990 _cFILMES DVD